Economic & management sciences 8 (Record no. 798400)

MARC details
000 -LEADER
fixed length control field 00561nam a22001937r 4500
003 - CONTROL NUMBER IDENTIFIER
control field 3228
005 - DATE AND TIME OF LATEST TRANSACTION
control field 20260522110558.0
008 - FIXED-LENGTH DATA ELEMENTS--GENERAL INFORMATION
fixed length control field 260522b sa ||||| |||| 00| 0 eng d
020 ## - INTERNATIONAL STANDARD BOOK NUMBER
International Standard Book Number 9781920356552
Qualifying information paperback
040 ## - CATALOGING SOURCE
Original cataloging agency MPL
Transcribing agency 3228
Modifying agency rda
041 ## - LANGUAGE CODE
Language code of text/sound track or separate title English
082 #0 - DEWEY DECIMAL CLASSIFICATION NUMBER
Classification number ST 330.712 VANR
100 ## - MAIN ENTRY--PERSONAL NAME
9 (RLIN) 199576
Personal name van Rensburg, L Janse
245 ## - TITLE STATEMENT
Title Economic & management sciences 8
260 ## - PUBLICATION, DISTRIBUTION, ETC.
Place of publication, distribution, etc. Pietermaritzburg;
Name of publisher, distributor, etc. Shuter & Shooter Publishers ( Pty) Ltd;
Date of publication, distribution, etc. 2017.
300 ## - PHYSICAL DESCRIPTION
Extent 118 pages
Dimensions 21 x 30 cm
490 ## - SERIES STATEMENT
Series statement Ace it! Study Guide
942 ## - ADDED ENTRY ELEMENTS
Source of classification or shelving scheme Dewey Decimal Classification
item type Book
-- 174
-- Sanet Schoeman
-- 174
-- Sanet Schoeman
Holdings
Withdrawn status Lost status Source of classification or shelving scheme Damaged status Not for loan Collection code Home library Current library Shelving location Date acquired Total Checkouts Full call number Barcode Date last seen Price effective from item type
    Dewey Decimal Classification     300: Social Science Standerton Regional Library Evander Non Fiction 22.05.2026   ST 330.712 VANR 3228200044023 22.05.2026 22.05.2026 Book
    Dewey Decimal Classification     300: Social Science Standerton Regional Library Evander Non Fiction 22.05.2026   ST 330.712 VANR 3228200044021 22.05.2026 22.05.2026 Book